000 00724cam a22002293a 4500
001 39044
003 PGUSA
005 20140828083849.0
008 120309s2012||||xxu|||||s|||||000 | eng d
040 _aPGUSA
_beng
042 _adc
100 1 _aTissot, S. A. D.
_q(Samuel Auguste David),
_d1728-1797
245 1 0 _aAdvice to the people in general, with regard to their health
_h[electronic resource] /
_cS. A. D. Tissot
260 _bProject Gutenberg,
_c2012
506 _aPublic domain in the USA.
516 _aElectronic text
700 1 _aKirkpatrick, J.
740 0 _aAvis au peuple sur sa santé. English
830 0 _aProject Gutenberg
_v39044
856 4 0 _uhttp://www.gutenberg.org/ebooks/39044
942 _cEB
999 _c268297
_d268297